Szczegóły MARC21

Tristan : Text Mittelhochdeutsch [und] Neuhochdeutsch. Bd. 2, Verse 9983-19548 /

003 -Nazwa inst., której nr kontr. jest w polu 001 [,]
    • @
    • Nazwa instytucji, której n kontrolny jest w polu 001
    • NUKAT
005 -DATA I CZAS OSTATNIEJ MODYFIKACJI [,]
    • @
    • pole kontrolne
    • 20241231101743.0
020 -Międzynarod. znormalizowany nr książki - ISBN [ , ]
    • a
    • Numer ISBN
    • 3150044723 Find
040 -Instytucja sporządzająca opis [ , ]
    • a
    • Instytucja, która sporządziła opis (NP)
    • OLSZT 003/bak
    • c
    • Instytucja, która sporządziła rekord (NP)
    • OLSZT 003/baks
041 -Język dokumentu [1, ]
    • a
    • Język tekstu (P)
    • niemiecki, średnio-wysoko- (ok. 1050-1500)
    • a
    • Język tekstu (P)
    • niemiecki
    • h
    • Język tekstu oryginalnego i/lub pośredniego (P)
    • niemiecki, średnio-wysoko- (ok. 1050-1500)
942 -Rodzaj dokumentu [ , ]
    • c
    • Rodzaj dokumentu
    • Książka
100 -Hasło główne - nazwa osobowa [0, ]
    • a
    • Nazwa osobowa (NP)
    • Gottfried von Strassburg
    • d
    • Daty biograficzne (NP)
    • ( -1210?).
    • 9
    • KHW
    • 57366
240 -Tytuł ujednolicony [1,0]
    • a
    • Tytuł ujednolicony
    • Tristan
    • l
    • Język tekstu
    • (śr.g.niem., niem.)
    • 9
    • KHW
    • 57370
245 -Strefa tytułu i oznaczenia odpowiedzialności [1,0]
    • a
    • Tytuł
    • Tristan : Find
    • b
    • Ciąg dalszy tytułu (NP)
    • Text Mittelhochdeutsch [und] Neuhochdeutsch. Find
    • n
    • Oznaczenie części (P)
    • Bd. 2,
    • p
    • Nazwa części (P)
    • Verse 9983-19548 /
    • c
    • Pozostałe elementy strefy tytułu i oznaczenia odpowiedzialności (NP)
    • Gottfried von Strassburg ; nach dem Text von Friedrich Ranke neu hrsg. ; ins Neuhochdeutsche übers., mit einem Stellenkommentar. und einem Nachw. von Rüdiger Krohn.
250 -Strefa wydania [ , ]
    • a
    • Oznaczenie wydania (NP)
    • 4., durchges. Aufl.
260 -Strefa adresu wydawniczego [ , ]
    • a
    • Miejsce wydania (P)
    • Stuttgart :
    • b
    • Nazwa wydawcy (P)
    • Philipp Reclam jun.,
    • c
    • Data wydania (P)
    • 1994.
300 -Strefa opisu fizycznego [ , ]
    • a
    • Określenie formy książki i/lub objętość (NP)
    • 590 s. :
    • b
    • Oznaczenie ilustracji (NP)
    • il. ;
    • c
    • Format (NP)
    • 15 cm.
336 -Typ zawartości [ , ]
    • a
    • Termin opisujący typ zawartości
    • Tekst
    • b
    • Kod określający zawartość
    • txt
    • 2
    • Źródło (terminu i kodu)
    • rdacontent
337 -Typ mediów [ , ]
    • a
    • Tryb odtwarzania
    • Bez urządzenia pośredniczącego
    • b
    • Kod typu mediów
    • n
    • 2
    • Źródło (terminu i kodu)
    • rdamedia
338 -Typ/rodzaj nośnika [ , ]
    • a
    • Hasło opisujące typ nośnika
    • Wolumin
    • b
    • Kod typu nośnika
    • nc
    • 2
    • Źródło (terminu i kodu)
    • rdacarrier
490 -Strefa serii i książki wielotomowej - forma nie do wyszukiwania [1, ]
    • a
    • Tytuł (P)
    • Universal-Bibliothek ; Find
    • v
    • Numeracja (P)
    • Nr. 4472
830 -Hasło dodatkowe serii i opisu książki wielotomowej - tytuł ujednolicony/tytuł [ ,0]
    • a
    • Tytuł ujednolicony/tytuł (NP)
    • Reclams Universal-Bibliothek
    • x
    • ISSN
    • 0722-8511
    • v
    • Oznaczenie tomu (NP)
    • Bd. 4472
    • 9
    • KHW
    • 12680
546 -Uwaga dot. języka [ , ]
    • a
    • Uwaga dot. języka
    • Równol. tekst średniowysokoniemiecki i niem.
080 -Uniwersalna Klasyfikacja Dziesiętna [ , ]
    • 2
    • Identyfikator wydania tablic
    • UDC-P058
    • 9
    • UKD
    • 20245
    • a
    • Symbol klasyfikacji
    • 821.112.2(091)-1
    • b
    • Dopowiedzenie
    • Literatura niemiecka (historia). - Poezja. Dramat poetycki.
    • 4
    • UKD2
    • 8230
    • x
    • Poddział wspólny
    • "19"
    • c
    • Dopowiedzenie poddz. wspólnego
    • Wiek XX.
    • 4
    • UKD2
    • 7631
    • x
    • Poddział wspólny
    • =112.2
    • c
    • Dopowiedzenie poddz. wspólnego
    • =Język niemiecki (wysokoniemiecki, standardowy niemiecki).
650 -Hasło przedmiotowe [ ,7]
    • a
    • Hasło przedmiotowe
    • Tristan (postać legendarna)
    • v
    • Określnik formalny
    • romanse rycerskie.
    • 2
    • Źródło terminu
    • kaba
    • 9
    • KHW
    • 133848
655 -Hasło w funkcji tematu formalnego [ ,7]
    • a
    • Hasło
    • Poezja niemiecka
    • y
    • Określnik chronologiczny
    • 1050-1500 (średnio-wysoko-niemiecka).
    • 2
    • Źródło terminu
    • kaba
    • 9
    • KHW
    • 185726
980 -Symbol UKD [ , ]
    • a
    • UKD
    • 821.112.2(091)-1"19"=112.2
700 -Hasło dodatkowe - nazwa osobowa [1, ]
    • a
    • Nazwa osobowa (NP)
    • Krohn, Rüdiger. Find
    • e
    • Określenie rodzaju współpracy
    • Oprac.
    • 9
    • KHW
    • 57367
700 -Hasło dodatkowe - nazwa osobowa [1, ]
    • a
    • Nazwa osobowa (NP)
    • Ranke, Friedrich Find
    • d
    • Daty biograficzne (NP)
    • (1882-1950).
    • e
    • Określenie rodzaju współpracy
    • Oprac.
    • 9
    • KHW
    • 57369
920 -ISBN [ , ]
    • a
    • ISBN
    • 3-15-004472-3 Find
Lokalizacja Data inwentaryzacji Status udost. Numer inwentarzowy Sygnatura
BM1995-11-18-3G.10647Germ. Literatura niemiecka
BM1995-11-181G.10644